000 00499nam a2200181Ia 4500
005 20250423100619.0
008 250422s9999 xx 000 0 und d
020 _a978346650X
050 _aHF 5667 .O34/
100 _aOkereke, L.C.
245 0 _aPrinciples and practice of auditing and investigations: a manual for professionals and non-professionals
260 _aLagos, Nigeria
260 _bLima Publishers
260 _c2019
300 _a174 p
650 _a Auditing.
942 _cBK
999 _c33834
_d33834